Who Survived Order 66 - Statistics

General Stats
  • This quiz has been taken 98 times
    45 since last reset
  • The average score is 12 of 27
Answer Stats
Hint Answer % Correct
Hides on Tatooine Obi Wan Kenobi
100%
Grand Master Yoda
100%
Jedi turned to Dark Side thus beginning the fall of the Jedi Anakin Skywalker
87%
With the help of a friend this person along with that friend nearly survive from a whole battalion and just before the ship there on crashes Ahsoka Tano
77%
Was stationed over Bracca Cal Kestis
70%
This padawan (at the time) watches there master die on Kaller Kannan Jarrus
67%
Was on Kashyyyk and survived but not very long after died. There death ended up being used as a trap to lure a group of rebels Luminara Unduli
67%
Rumored to have survived on Kashyyyk and was later confirmed in the Kenobi Series that he survived. Quinlan Vos
60%
Was arrested during the Clone Wars, and would eventually become an inquisitor but not for very long once they realize they were wrong all along. Barriss Offee
57%
Hid with a group of younglings and her Padawan before leaving them to go fight Cere Junda
57%
Leads the Inquisitors. The Grand Inquisitor
57%
Not sure if they're death is legends or was made canon but they had a vast knowledge of the library in the temple. They eventually die once trying to make an attempt to salvage some of the Jedi texts from the Jedi temple. Jocasta Nu
53%
Was the first apprentice to Darth Sidious. Darth Maul
43%
Not well known but is eventually caught and killed by Vader and his daughter is kidnapped for project Harvester Eeth Koth
43%
Eventually dies but was presumed dead at the start of the purge. Old snake like Jedi Oppo Rancisis
43%
Was at the Jedi temple when order 66 was executed. Grogu
40%
Was the Padawan of above Trilla Suduri
40%
Cere Junda's Master. Eno Cordova
27%
At the start of Jedi:Survivor we think he's just a bounty hunter. We find out that they are actually a Jedi. Bode Akuna
23%
Very rare to find this species as a Jedi. Gungi
23%
Known as the ninth sister Masana Tide
23%
Did not have a clone battalion and believe this character is actually Legends. He trained Starkiller Rahm Kota
20%
This once Jedi learned the magic of the night sisters. Taron Malicos
17%
Helped Grogu escape the Jedi Temple. We do not know there fate. Kellaren Beq
13%
Asked Obi-Wan for help on Tatooine. Nari
13%
Unknown as to how they survived order 66, but they know Anakin and that Anakin spoke highly of Ashoka. Baylon Skoll
7%
Known as the fourth sister Linn
7%
No matching quizzes found
Score Distribution
Percent of People with Each Score
Percentile by Number Answered
Your Score History
You have not taken this quiz since the last reset